1198 1674 1887 1591 1853 1568 1015 1270 1660 1540 1845 1773 1564 1387 1225 1699 1414 1799 1315 1949 1672 1646 1844 1354 1562 1160 1246 1972 1022 1804 1241 1671 1876 1956 1860 1358 1421 1217 1921 1770 1466 1889 1864 1522 1217 1133 1829 1114 1273 1895 1975 1664 1257 1661 1453 1661 1360 1630 1408 1110 1477 1084 1047 1009 1268 1454 1157 1639 2000 1593 1731 1370 1803 1315 1151 1838 1669 1934 1121 1037 1849 1633 1609 1421 1573 1059 1267 1394 1430 1281 1135 1210 1041 1520 1087 1552 1047 1942 1458 BCNSPRNW ULIB Ver.6.0+V

เปลี่ยนเป็นภาษาไทย

Change to English
 แสดงรายละเอียดบรรณานุกรม
  กลับหน้าหลัก

Brief Record : Get Marc (ISO 2709) : E-mail record : QR code < ปิดหน้าต่าง
LEADER : 00000nam 2200000uu 4500
001    13399110874
003     ULIB
008    110610s2552||||th 000 0 tha d
020    9789990010244
060 04 WS420^bว582ว 2552
245 00 เวชศาสตร์ปริกำเนิดในเวชปฏิบัติ /^cบรรณาธิการ, วิทยา ถิฐาพันธ์, นิศารัตน์ พิทักษ์วัชระ, ประทักษ์ โอประเสริฐสวัสดิ์
250    พิมพ์ครั้งที่ 2
260    กรุงเทพฯ :^bสมาคมเวชศาสตร์ปริกำเนิดแห่งประเทศไทย,^c2552
300    ก-ฎ, 258 หน้า :^bภาพประกอบ ;^c30 ซม.
650  7 กุมารเวชศาสตร์
650  7 ทารกแรกเกิด
650  7 ทารก, การดูแล
650  7 สูติศาสตร์
650  7 อนามัยแม่และเด็ก
653    ผลงานอาจารย์คณะแพทยศาสตร์ศิริราชพยาบาล
700 0  วิทยา ถิฐาพันธ์,^eบรรณาธิการ
700 0  นิศารัตน์ พิทักษ์วัชระ,^eบรรณาธิการ
700 0  ประทักษ์ โอประเสริฐสวัสดิ์,^eบรรณาธิการ
710 2  สมาคมเวชศาสตร์ปริกำเนิดแห่งประเทศไทย
945    ^p450^l0^i027933
945    ^p450^l0^i027760
945    ^p450^l0^i026818
945    ^p450^l0^i026816
945    ^p450^l0^i026817
995    ทศพร
999 ^a ใช้งานได้ทุกระบบ
รายการนี้ยังไม่มีแท็ก
คุณยังไม่ได้ล็อกอิน คุณสามารถมีกิจกรรมร่วมกับเว็บไซต์ได้ แต่ต้องล็อกอินก่อน ::
  ล็อกอิน

รายการสื่อสารสนเทศ

ลำดับที่ ประเภท เลขเรียก/บาร์โค้ด สถานที่ สถานะ
- ไม่พบข้อมูล -

รายการใกล้เคียง
    หัวเรื่อง [กุมารเวชศาสตร์]
    หัวเรื่อง [ทารกแรกเกิด]
    หัวเรื่อง [ทารก, การดูแล]
    หัวเรื่อง [สูติศาสตร์]
    หัวเรื่อง [อนามัยแม่และเด็ก]

BibComment


ยังไม่เคยถูกคอมเมนท์

คอมเมนท์ทรัพยากรรายการนี้
  คอมเมนท์: เวชศาสตร์ปริกำเนิ..


 Copyright 2026. Bcnsprnw @Library